000 00640nam a22002295i 4500
001 11675
003 ES-MaACL
005 20230906150142.0
007 t|
008 960207s1995 sp ||||0| spa j
020 _a84-89234-01-9
040 _aM-BN
_bspa
_cM-BN
080 _a860-31"19"
100 1 _aMenchaca, Antonio.
_980080
245 1 3 _aLa crisálida /
_cAntonio Menchaca.
260 _a[Bilbao?] :
_bBurguete,
_cD.L. 1995.
300 _a395 p ;
_c20 cm.
490 1 _aColección Mendichuri de novela
830 0 _aColección Mendichuri de novela
_9179182
852 _aES-MaACL
_jL-19075
_bR.125237
999 _c11675
_d11675